|
|
|
|
| LEADER |
00000nta a2200000 i 4500 |
| 001 |
dolg10392 |
| 005 |
20200303110901.0 |
| 008 |
170502suuuu hu o 000 hun d |
| 040 |
|
|
|a BGE Dolgozattár Repozitórium
|b hun
|
| 041 |
|
|
|a hu
|
| 100 |
1 |
|
|a Medve Bettina
|
| 245 |
1 |
0 |
|a Import vámkezelés egyszerűsített eljárással a Robert Bosch Elektronika Kft-nél
|c Medve Bettina
|h [elektronikus dokumentum]
|
| 516 |
|
|
|a Final_paper
|
| 695 |
|
|
|a import vámkezelés
|
| 695 |
|
|
|a egyszerűsített eljárás
|
| 700 |
1 |
|
|a Hrabovszki Ágnes Zsuzsa
|e ths
|
| 856 |
4 |
0 |
|u http://dolgozattar.uni-bge.hu/10392/1/z%C3%A1r%C3%B3dolgozat%20Medve%20Bettina.pdf
|z Dokumentum-elérés
|